Infidencias / (Record no. 13263)
[ view plain ]
| 000 -CABECERA | |
|---|---|
| campo de control de longitud fija | 00411nam a2200145 a 4500 |
| 001 - NÚMERO DE CONTROL | |
| campo de control | 000013649 |
| 005 - FECHA Y HORA DE LA ÚLTIMA TRANSACCIÓN | |
| campo de control | 20200929163310.0 |
| 008 - DATOS DE LONGITUD FIJA--INFORMACIÓN GENERAL | |
| campo de control de longitud fija | 091127s1921 dr 000 0 spa d |
| 040 ## - FUENTE DE LA CATALOGACIÓN | |
| Centro catalogador/agencia de origen | DO-SdBNP |
| Lengua de catalogación | spa |
| Centro/agencia transcriptor | BNPHU |
| 049 ## - FONDOS LOCALES (OCLC) | |
| Fondos de biblioteca | BNPD |
| 100 1# - ENTRADA PRINCIPAL--NOMBRE DE PERSONA | |
| Nombre de persona | Rodríguez B. Ml de Js. |
| 9 (RLIN) | 31070 |
| 245 10 - MENCIÓN DE TÍTULO | |
| Título | Infidencias / |
| Mención de responsabilidad, etc. | Ml de Js. Rodríguez B. |
| 260 ## - PUBLICACIÓN, DISTRIBUCIÓN, ETC. | |
| Lugar de publicación, distribución, etc. | Santo Domingo : |
| Nombre del editor, distribuidor, etc. | Impresora Montalvo, |
| Fecha de publicación, distribución, etc. | 1921. |
| 300 ## - DESCRIPCIÓN FÍSICA | |
| Extensión | 86 p. ; |
| Dimensiones | 21 cm. |
| Estado de retiro | Estado de pérdida | Restricciones de uso | No para préstamo | Código de colección | Localización permanente | Ubicación/localización actual | Ubicación en estantería | Fecha de adquisición | Número de inventario | Total de préstamos | Signatura topográfica completa | Código de barras | Fecha visto por última vez | Número de copia | Precio válido a partir de | Tipo de ítem Koha | Nota pública |
|---|---|---|---|---|---|---|---|---|---|---|---|---|---|---|---|---|---|
| Raros y valiosos | General | General | En catalogación | 14.06.2011 | LF1 | 13649-30 | 25.06.2020 | e. 3 | 25.06.2020 | Préstamo en sala | |||||||
| Raros y valiosos | General | General | En catalogación | 31.01.2012 | LF1 | 13649-40 | 25.06.2020 | e. 4 | 25.06.2020 | Préstamo en sala | |||||||
| Excluido de préstamo | Raros y valiosos | Patrimonio Dominicano | Patrimonio Dominicano | Depósito | 27.11.2009 | LF1 | 13649-10 | 25.06.2020 | 25.06.2020 | No se presta | Perteneció a la biblioteca personal de Carlos Larrazábal Blanco. | ||||||
| Excluido de préstamo | Raros y valiosos | Patrimonio Dominicano | Patrimonio Dominicano | En catalogación | 27.11.2009 | LF1 | 13649-20 | 25.06.2020 | e. 2 | 25.06.2020 | No se presta |
